Central Library OPAC University of Rajshahi

বাংলাদেশের জেলা গেজেটিয়ার খুলনা / (Record no. 79502)

MARC details
000 -LEADER
fixed length control field 01046nam a2200229 a 4500
001 - CONTROL NUMBER
control field 79502
003 - CONTROL NUMBER IDENTIFIER
rucl marc code BD-RjUL
005 - DATE AND TIME OF LATEST TRANSACTION
control field 20220306160431.0
008 - FIXED-LENGTH DATA ELEMENTS--GENERAL INFORMATION
fixed length control field 220306s2017 bg ||||| |||| 00| 0 ben d
020 ## - INTERNATIONAL STANDARD BOOK NUMBER
International Standard Book Number 9789843452887
Terms of availability :Tk.400.00
035 ## - SYSTEM CONTROL NUMBER
System control number (BD-RjUL)79502
040 ## - CATALOGING SOURCE
Original cataloging agency BD-RjUL
Language of cataloging eng
Transcribing agency BD-RjUL
041 ## - LANGUAGE CODE
Language code of text/sound track or separate title ben
082 ## - DEWEY DECIMAL CLASSIFICATION NUMBER
Edition number 23
Classification number 910.3
Author mark and year KHU 2017
245 ## - TITLE STATEMENT
Title বাংলাদেশের জেলা গেজেটিয়ার খুলনা /
Statement of responsibility, etc. কামাল আবদুল নাসের চৌধুরী প্রধান সম্পাদক
260 ## - PUBLICATION, DISTRIBUTION, ETC. (IMPRINT)
Place of publication, distribution, etc. ঢাকা :
Name of publisher, distributor, etc. বাংলাদেশ পরিসংখ্যান ব্যুরো,
Date of publication, distribution, etc. ২০১৭
300 ## - PHYSICAL DESCRIPTION
Pagination ৬০১ পৃ.:
Illustrations চিত্রসমূহ;
Size ২৩ সেমি.
650 ## - SUBJECT ADDED ENTRY--TOPICAL TERM
Topical term or geographic name as entry element বাংলাদেশ
Geographic subdivision খুলনা
General subdivision গেজেটিয়ার্স
9 (RLIN) 1716
Topical term or geographic name as entry element Bangladesh
Geographic subdivision Khulna
General subdivision Gazetteers
9 (RLIN) 1717
700 ## - ADDED ENTRY--PERSONAL NAME
Personal name চৌধুরী, কামাল আবদুল নাসের
942 ## - ADDED ENTRY ELEMENTS (KOHA)
Source of classification or shelving scheme Dewey Decimal Classification
Koha item type Rare Books
Holdings
Lost status Source of classification or shelving scheme Damaged status Not for loan Collection code Permanent Location Current Location Shelving location Date acquired Source of acquisition Cost, normal purchase price Total Checkouts Full call number Date last seen Copy number Koha item type
  Dewey Decimal Classification   Not For Loan Non-fiction Central Library, University of Rajshahi Central Library, University of Rajshahi Rare Book Section 17/02/2022 BBS (Statistical and Informmtics Division) 400.00   BRA 910.3 KHU 2017 06/03/2022 C-1 Rare Books